Great Falls International Airport Destinations (Great Falls, MT, USA) - Statistics

General Stats
  • This quiz has been taken 43 times
    20 since last reset
  • The average score is 6 of 6
Answer Stats
Airline Destination % Correct
United Express Denver
100%
Alaska Airlines Seattle/Tacoma
100%
Allegiant Air Las Vegas
93%
Allegiant Air Phoenix/Mesa
93%
United Express Chicago (O'Hare)
87%
Delta Connection Salt Lake City
87%
No matching quizzes found
Score Distribution
Percent of People with Each Score
Percentile by Number Answered
Your Score History
You have not taken this quiz since the last reset